Biggest Cities Beginning With 'G' - Statistics

General Stats
  • This quiz has been taken 56 times
  • The average score is 23 of 157
Answer Stats
Population Country City % Correct
10,641,408 China Guangzhou
92%
1,195,727 Guatemala Guatemala City
81%
4,212,750 Egypt Giza
79%
461,865 Poland Gdańsk
77%
591,620 United Kingdom Glasgow
77%
1,495,182 Mexico Guadalajara
77%
2,278,691 Ecuador Guayaquil
75%
410,000 (Palestine) Gaza
71%
572,799 Sweden Göteborg
69%
183,981 Switzerland Geneva
65%
580,223 Italy Genoa
65%
231,493 Belgium Ghent
58%
1,065,975 Turkey Gaziantep
54%
300,000 Malaysia George Town
52%
118,369 Guyana Georgetown
52%
600,335 Australia Gold Coast
52%
234,325 Spain Granada
50%
131,018 Nicaragua Granada
50%
231,592 Botswana Gaborone
48%
222,326 Austria Graz
48%
1,536,097 Brazil Goiânia
46%
269,666 United States Greensboro
46%
181,194 Netherlands Groningen
42%
150,053 United Kingdom Gloucester
40%
480,951 Belarus Gomel
38%
158,552 France Grenoble
35%
104,057 United States Green Bay
33%
253,730 Poland Gdynia
29%
277,554 Spain Gijón
29%
2,520,061 China Guìyáng
29%
188,040 United States Grand Rapids
27%
270,028 Germany Gelsenkirchen
25%
244,937 United States Glendale, AZ
25%
191,719 United States Glendale, CA
25%
1,450,062 South Korea Gwangju
25%
157,104 Australia Geelong
23%
134,160 United Kingdom Grimsby
23%
1,384,471 Pakistan Gujranwala
23%
163,604 United States Garland
19%
249,862 DR Congo Goma
19%
122,149 Germany Göttingen
19%
963,629 China Guìlín
19%
124,354 United States Gainesville
17%
167,164 Spain Getafe
17%
283,620 United States Gilbert
17%
215,086 Cuba Guantánamo
17%
882,458 India Gwalior
17%
171,904 Colombia Girón
15%
222,764 Russia Grozny
15%
128,265 Hungary Győr
13%
148,381 Armenia Gyumri
13%
294,087 Romania Galaţi
10%
104,659 Germany Gera
10%
1,199,191 India Ghāziābād
10%
101,187 United Kingdom Gillingham
10%
105,594 United States Gresham
10%
899,094 India Guwahati
10%
313,300 Azerbaijan Ganja
8%
170,883 United States Garden Grove
8%
131,794 Canada Guelph
8%
423,692 Egypt Gaya
6%
679,588 Philippines General Santos
6%
136,830 Rwanda Gisenyi
6%
198,835 Poland Gliwice
6%
124,430 Poland Gorzów Wielkopolski
6%
175,396 United States Grand Prairie
6%
673,616 Mexico Guadalupe, NL
6%
124,623 Mexico Guadalupe, ZA
6%
267,859 Canada Gatineau
4%
103,095 India Ghazīpur
4%
397,714 Japan Gifu
4%
323,900 Ethiopia Gonder
4%
1,392,121 Brazil Guarulhos
4%
177,400 Uganda Gulu
4%
141,000 Afghanistan Ghazni
2%
226,876 Nigeria Gombe
2%
228,725 Haiti Gonaïves
2%
674,246 India Gorakhpur
2%
1,079,216 South Korea Goyang
2%
175,400 Venezuela Guanare
2%
539,000 China Guăngyuán
2%
301,506 Pakistan Gujrat
2%
153,689 India Guna
2%
154,825 Nigeria Gweru
2%
750,000 Somalia Gaalkacyo
0%
130,984 Tunisia Gabès
0%
162,569 India Gadag
0%
172,813 India Gadag-Betageri
0%
160,465 Côte d'Ivoire Gagnoa
0%
258,944 India Gajuwaka
0%
120,170 DR Congo Gandajika
0%
166,388 India Gāndhīdhām
0%
195,985 India Gandhinagar
0%
231,838 India Gangānagar
0%
120,115 India Gangāpur
0%
106,250 India Gangāwati
0%
213,321 South Korea Gangneung
0%
466,786 China Gāomì
0%
266,802 China Gāopíng
0%
341,069 China Gāoyóu
0%
352,006 China Gāozhōu
0%
140,577 Brazil Garanhuns
0%
103,601 Afghanistan Gardez
0%
163,399 Kenya Garissa
0%
235,996 Cameroon Garoua
0%
281,436 Turkey Gebze
0%
163,528 China Gèjiù
0%
113,879 DR Congo Gemena
0%
132,045 Sudan Gereida
0%
142,913 Algeria Ghardaïa
0%
140,548 South Korea Gimcheon
0%
109,792 Colombia Girardot
0%
100,676 Russia Glazov
0%
131,913 India Godhra
0%
139,726 Pakistan Gojra
0%
257,352 Mexico Gómez Palacio
0%
131,416 Iran Gonbad-e Kāvūs
0%
133,583 India Gondā City
0%
101,801 India Gondal
0%
124,897 India Gondiā
0%
104,545 South Korea Gongju
0%
337,851 China Gōngzhŭlĭng
0%
221,721 Iran Gorgān
0%
144,195 Indonesia Gorontalo
0%
222,764 India Gosāba
0%
281,046 Brazil Governador Valadares
0%
208,453 Brazil Gravataí
0%
293,908 India Greater Noida
0%
161,531 Canada Greater Sudbury
0%
100,613 Indonesia Grogol
0%
196,400 Venezuela Guacara
0%
128,945 Colombia Guadalajara de Buga
0%
112,819 China Guangming
0%
272,402 China Guăngshuĭ
0%
126,701 Brazil Guarapari
0%
182,644 Brazil Guarapuava
0%
122,505 Brazil Guaratinguetá
0%
244,600 Venezuela Guarenas
0%
322,750 Brazil Guarujá
0%
180,500 Venezuela Guatire
0%
116,161 India Gudivāda
0%
120,004 Algeria Guelma
0%
118,318 Morocco Guelmim
0%
658,887 China Guìgăng
0%
508,212 China Guìpíng
0%
210,319 China Guìxī
0%
483,615 India Gulbarga
0%
416,328 South Korea Gumi
0%
276,245 South Korea Gunsan
0%
120,964 India Guntakal Junction
0%
530,577 India Guntur
0%
197,340 India Gurgaon
0%
197,454 South Korea Guri
0%
132,393 Nigeria Gusau
0%
155,391 Philippines Guyong
0%
253,502 South Korea Gyeongju
0%
263,728 South Korea Gyeongsan
0%
No matching quizzes found
Score Distribution
Percent of People with Each Score
Percentile by Number Answered
Your Score History
You have not taken this quiz